Form and function in plants (Record no. 21054)

MARC details
000 -LEADER
fixed length control field 00323nam a2200133Ia 4500
082 ## - DEWEY DECIMAL CLASSIFICATION NUMBER
Classification number 581
Item number DOD
100 ## - MAIN ENTRY--AUTHOR NAME
Personal name DODD, John D
245 #0 - TITLE STATEMENT
Title Form and function in plants
260 ## - PUBLICATION, DISTRIBUTION, ETC. (IMPRINT)
Place of publication Allahabad
Name of publisher Central Book Depot
Year of publication 1968
650 ## - SUBJECT ADDED ENTRY--TOPICAL TERM
Topical Term Botany
650 ## - SUBJECT ADDED ENTRY--TOPICAL TERM
Topical Term Growth
942 ## - ADDED ENTRY ELEMENTS (KOHA)
Koha item type Books
Holdings
Withdrawn status Lost status Damaged status Not for loan Home library Current library Date acquired Full call number Accession Number Koha item type
        RRII Library RRII Library 16/12/2021 581 DOD 01776 Books